Sports Quiz

Random Sports or Nation Quiz
Score 0/96 Timer 10:00
0 Plays Today
Hint Answer % Correct
2012United States
99.7%
2008United States
99.7%
2007United States
99.7%
2006United States
99.7%
2004United States
99.7%
2002United States
99.7%
2000United States
99.7%
1998United States
99.7%
1997United States
99.7%
1995United States
99.7%
1994United States
99.7%
1992United States
99.7%
1991United States
99.7%
2012Spain
99.5%
2011Spain
99.5%
2009Spain
99.5%
2008Spain
99.5%
2004Spain
99.5%
2003Spain
99.5%
2000Spain
99.5%
1998Spain
99.5%
2008Russia
98.7%
2007Russia
98.7%
2006Russia
98.7%
2005Russia
98.7%
2002Russia
98.7%
1999Russia
98.7%
1995Russia
98.7%
1994Russia
98.7%
2014France
98.2%
2011France
98.2%
2010France
98.2%
Hint Answer % Correct
2004France
98.2%
2002France
98.2%
2001France
98.2%
1999France
98.2%
1996France
98.2%
1991France
98.2%
2013Serbia
97.9%
2011Serbia
97.9%
2010Serbia
97.9%
2014Switzerland
96.6%
2006Australia
96.6%
2003Australia
96.6%
2003Switzerland
96.6%
2001Australia
96.6%
2000Australia
96.6%
1999Australia
96.6%
1997Australia
96.6%
1993Australia
96.6%
1992Switzerland
96.6%
2012Argentina
95.6%
2011Argentina
95.6%
2010Argentina
95.6%
2013Argentina
95.6%
2008Argentina
95.6%
2006Argentina
95.6%
2005Argentina
95.6%
2003Argentina
95.6%
2002Argentina
95.6%
2009Croatia
95.1%
2005Croatia
95.1%
2007Sweden
94.5%
2001Sweden
94.5%
Hint Answer % Correct
1998Sweden
94.5%
1997Sweden
94.5%
1996Sweden
94.5%
1995Sweden
94.5%
1994Sweden
94.5%
1993Sweden
94.5%
1992Sweden
94.5%
2014Italy
94.3%
1998Italy
94.3%
1997Italy
94.3%
1996Italy
94.3%
2007Germany
92.7%
1995Germany
92.7%
1994Germany
92.7%
1993Germany
92.7%
1991Germany
92.7%
2014Czech Republic
92.5%
2013Czech Republic
92.5%
2012Czech Republic
92.5%
2010Czech Republic
92.5%
2009Czech Republic
92.5%
1996Czech Republic
92.5%
2000Brazil
88.3%
1992Brazil
88.3%
1999Belgium
87.5%
2013Canada
85.7%
2001Netherlands
77.1%
2005Slovakia
74.8%
1991Yugoslavia
62.3%
1993India
55.3%
2004Belarus
42.3%
2009Israel
36.6%
Remove Ads.
Support Sporcle.
Get the best of Sporcle when you Go Orange. This ad-free experience offers more features, more stats, and more fun while also helping to support Sporcle. Thank you for becoming a member.

You're not logged in!

Compare scores with friends on all Sporcle quizzes.
OR
Log In

Show Comments

Extras

Top Quizzes Today


Score Distribution

Your Account Isn't Verified!

In order to create a playlist on Sporcle, you need to verify the email address you used during registration. Go to your Sporcle Settings to finish the process.

Report this User

Report this user for behavior that violates our Community Guidelines.

Details: